World soybean research conference III: proceedings

محفوظ في:
التفاصيل البيبلوغرافية
التنسيق: كتاب
اللغة:Undetermined
منشور في: Boulder, USA Westview Press 1985
الموضوعات:
الوسوم: إضافة وسم
لا توجد وسوم, كن أول من يضع وسما على هذه التسجيلة!
Thư viện lưu trữ: Trung tâm Học liệu Trường Đại học Cần Thơ
LEADER 00514nam a2200157Ia 4500
001 CTU_38737
008 210402s9999 xx 000 0 und d
082 |a 633.34 
082 |b W927 
245 0 |a World soybean research conference III: proceedings 
260 |a Boulder, USA 
260 |b Westview Press 
260 |c 1985 
650 |a plant protein,soybean,soybean - breeding,soybean - diseases and pest,soybean - utilization 
904 |i Liên, 990821 
980 |a Trung tâm Học liệu Trường Đại học Cần Thơ